| 000 | 01259nam a2200313 i 4500 | ||
|---|---|---|---|
| 001 | 768714001 | ||
| 003 | CO-MdFUSB | ||
| 005 | 20241002130452.0 | ||
| 007 | ta | ||
| 008 | 180420t1991 sp ||||| |||| 00| 0 spa d | ||
| 020 | _a84-301-1158-1 | ||
| 040 |
_aCO-MdFUSB _bspa _cCO-MdFUSB _dCO-MdFUSBC _erda |
||
| 041 | 0 | _aspa | |
| 082 | 0 | 4 |
_a228 _223 _bC7643s |
| 100 | 1 |
_aContreras Molina, Francisco _eautor |
|
| 245 | 1 | 3 |
_aEl señor de la vida _b: lectura cristológica del Apocalipsis _c/ Francisco Contreras Molina |
| 264 | 1 |
_aSalamanca, España : _bSígueme, _c[1991] |
|
| 264 | 4 | _c©1991 | |
| 300 |
_a383 páginas _c; 21 cm |
||
| 336 |
_2rdacontent _atexto _btxt |
||
| 337 |
_2rdamedia _asin mediación _bn |
||
| 338 |
_2rdacarrier _avolumen _bnc |
||
| 490 | _aBiblioteca de Estudios Bíblicos | ||
| 505 | _aEl Señor viviente en medio de la Iglesia (Ap. 1,12-20). -- La palabra del Señor a la Iglesia. -- El Señor anima a la iglesia con el premio de la vida. -- Origen y significado teológico del Cordero. -- Premiación solemne y dignidad del Cordero. -- El Cordero, protagonista activo en la historia de la salvación. | ||
| 563 | _aRústico | ||
| 630 | 0 | 7 |
_aBiblia. _pApocalipsis _xCrítica, interpretación, etc |
| 942 | _cBK | ||
| 945 | _aJTF-925 | ||
| 999 |
_c33750 _d33750 |
||